Vista normal
Vista MARC
Entrada Personal Name
Número de registros utilizados en: 1
001 - CONTROL NUMBER
- control field: 17634
003 - CONTROL NUMBER IDENTIFIER
- control field: DLC
005 - DATE AND TIME OF LATEST TRANSACTION
- control field: 20251023155944.0
008 - FIXED-LENGTH DATA ELEMENTS
- fixed length control field: 890316n| azannaabn |n aaa c
010 ## - LIBRARY OF CONGRESS CONTROL NUMBER
- LC control number: n 89615966
035 ## - SYSTEM CONTROL NUMBER
- System control number: (OCoLC)oca02482791
040 ## - CATALOGING SOURCE
- Original cataloging agency: ICU
- Language of cataloging: spa
- Description conventions: rda
- Transcribing agency: Mx-PuUPA
- Modifying agency: OCoLC
- Modifying agency: NjBlaOCU
- Modifying agency: UPB
- Modifying agency: DLC
- Modifying agency: UPB
- Modifying agency: IaU
- Modifying agency: Mx-PuUPA
046 ## - SPECIAL CODED DATES
- Birth date: 1953
- Death date: 2022
053 #0 - LC CLASSIFICATION NUMBER
- Classification number element--single number or beginning number of span: PQ7298.31.R53
100 1# - HEADING--PERSONAL NAME
- Personal name: Uribe, Alvaro,
- Dates associated with a name: 1953-2022
373 ## - ASSOCIATED GROUP
- Associated group: Universidad Nacional Autónoma de México
- Source of term: naf
374 ## - OCCUPATION
- Occupation: Autor
375 ## - GENDER
- Gender: hombre
377 ## - ASSOCIATED LANGUAGE
- Language code: spa
670 ## - SOURCE DATA FOUND
- Source citation: La linterna de los muertos, 1988:
- Information found: t.p. (Alvaro Uribe) p. facing t.p. (b. 1953)
670 ## - SOURCE DATA FOUND
- Source citation: LC data base, 3-9-89
- Information found: (MLC hdg.: Uribe, Alvaro, 1953- )
670 ## - SOURCE DATA FOUND
- Source citation: Best of contemporary Mexican fiction, 2009:
- Information found: t.p. (Álvaro Uribe) jkt. flap (editor, Dept. of Publications & Editorial Promotion, National Autonomous Univ. of Mexico; fellow, Mexico's National System of Artistic Creators)
670 ## - SOURCE DATA FOUND
- Source citation: Tríptico del cangrejo:
- Information found: jkt flap (Alvaro Uribe; b. 1953; d. 2022)